[Event "Fagernes Chess GM-Swiss 2024"]
[Site "Fagernes"]
[Date "2024.03.30"]
[Round "8.42"]
[White "Joel Paul Ganta"]
[Black "Lien, Sebastian"]
[Result "1-0"]
[WhiteElo "1993"]
[BlackElo "1885"]
[Annotator "NA RC"]
[PlyCount "77"]
[EventDate "2024.03.25"]
[EventType "swiss"]
[EventCountry "NOR"]
[SourceTitle "playchess.com"]
[Source "ChessBase"]
[SourceQuality "1"]

1. c4 Nf6 2. Nc3 d5 3. cxd5 Nxd5 4. g3 g6 5. Bg2 c6 6. Nf3 Bg7 7. h4 h5 8. Ng5 Nc7 9. Qc2 Nd7 10. b3 Nf6 11. Bb2 O-O 12. O-O-O a5 13. d4 Bd7 14. e4 b5 15. Kb1 Na6 16. Qe2 a4 17. d5 Qa5 18. b4 Qxb4 19. a3 Qa5 20. e5 Bf5+ 21. Ka1 b4 22. axb4 Qxb4 23. Na2 a3 24. Bc3 Qb3 25. Rb1 Bxb1 26. Rxb1 Qa4 27. exf6 exf6 28. Ne4 Rfe8 29. Qd3 cxd5 30. Nd6 Re5 31. Bxd5 Rxd5 32. Qxd5 Rf8 33. Rb7 Kh7 34. Nxf7 Rg8 35. Ra7 Rc8 36. Ng5+ Kh8 37. Rxg7 Kxg7 38. Qf7+ Kh8 39. Bxf6# 1-0

[Event "Fagernes Chess GM-Swiss 2024"]
[Site "Fagernes"]
[Date "2024.03.30"]
[Round "8.43"]
[White "Skramstad, Oda Kofoed"]
[Black "Holand, Per Fredrik"]
[Result "0-1"]
[WhiteElo "1945"]
[BlackElo "2068"]
[Annotator "NA RC"]
[PlyCount "132"]
[EventDate "2024.03.25"]
[EventType "swiss"]
[EventCountry "NOR"]
[SourceTitle "playchess.com"]
[Source "ChessBase"]
[SourceQuality "1"]

1. d4 Nf6 2. c4 g6 3. Nc3 Bg7 4. e4 d6 5. Nf3 O-O 6. Be2 Na6 7. a3 e5 8. O-O exd4 9. Nxd4 Re8 10. f3 c6 11. Nc2 Nh5 12. Be3 f5 13. Qc1 f4 14. Bf2 Nc5 15. Qe1 a5 16. Rd1 Qe7 17. Qd2 Be5 18. b4 Ne6 19. Na4 Ng5 20. Rfe1 Be6 21. c5 axb4 22. Qxb4 Nh3+ 23. gxh3 Qg5+ 24. Kh1 Ng3+ 25. Bxg3 fxg3 26. Rg1 Qh5 27. Nc3 Bxh3 28. f4 Bg4 29. Rxg3 Bxe2 30. Nxe2 Qxe2 31. Qb3+ d5 32. Re1 Qc4 33. Qxc4 dxc4 34. fxe5 Rxe5 35. Rc3 Rxc5 36. e5 Kf7 37. Re4 b5 38. Kg2 Re8 39. Rf3+ Ke7 40. Nb4 c3 41. Ree3 c2 42. Nxc2 Rxc2+ 43. Kg3 Rf8 44. Rxf8 Kxf8 45. h3 Rc4 46. Rd3 Ke7 47. Rd6 c5 48. Rb6 Rc3+ 49. Kf4 Rb3 50. Ke4 b4 51. Rb7+ Ke6 52. Rb6+ Kd7 53. e6+ Ke7 54. a4 Rxh3 55. a5 Rh4+ 56. Kd5 Rh5+ 57. Kc4 Rh4+ 58. Kxc5 b3 59. a6 Ra4 60. Kd5 Ra5+ 61. Ke4 h5 62. Kd3 h4 63. Kc3 h3 64. Kxb3 h2 65. Rb7+ Kxe6 66. Rh7 Rh5 0-1

[Event "Fagernes Chess GM-Swiss 2024"]
[Site "Fagernes"]
[Date "2024.03.30"]
[Round "8.44"]
[White "Valcu, Lavinia"]
[Black "Makka, Ioulia"]
[Result "1-0"]
[WhiteElo "2070"]
[BlackElo "1983"]
[Annotator "NA RC"]
[PlyCount "153"]
[EventDate "2024.03.25"]
[EventType "swiss"]
[EventCountry "NOR"]
[SourceTitle "playchess.com"]
[Source "ChessBase"]
[SourceQuality "1"]

1. d4 Nf6 2. Bg5 Ne4 3. h4 d5 4. Nd2 Bf5 5. Nxe4 Bxe4 6. f3 Bf5 7. g4 Bd7 8. e3 h5 9. Bd3 hxg4 10. Qd2 c6 11. O-O-O Qb6 12. Rf1 g3 13. c3 Na6 14. Qg2 Nc7 15. Qxg3 Ne6 16. Nh3 O-O-O 17. f4 Qc7 18. Qf2 Kb8 19. f5 Nxg5 20. Nxg5 Be8 21. e4 dxe4 22. Bxe4 Rh6 23. Bc2 Rf6 24. Nh7 Rh6 25. Nxf8 c5 26. dxc5 Bb5 27. Rfg1 Rxf8 28. Rxg7 Ka8 29. Rhg1 Rhh8 30. Bb3 Be8 31. Qd4 a6 32. Bxf7 Bxf7 33. Rxf7 Rd8 34. Qf2 Qe5 35. Re1 Qd5 36. Rfxe7 Qxa2 37. Qf3 Rd5 38. Re8+ Rxe8 39. Rxe8+ Ka7 40. Re4 Qa1+ 41. Kc2 Qg1 42. f6 Qg6 43. Kb3 Rf5 44. Rf4 Qf7+ 45. c4 Re5 46. Re4 Rxe4 47. Qxe4 Qxf6 48. h5 Qg5 49. Qd5 Qh6 50. Ka2 Qf6 51. Ka3 Qh4 52. Kb3 Qg3+ 53. Kc2 Qf2+ 54. Kc3 Qe3+ 55. Qd3 Qg5 56. Qd4 Ka8 57. Qh8+ Ka7 58. h6 Qc1+ 59. Kb4 Qd2+ 60. Kb3 Qe3+ 61. Ka2 Qxc5 62. Qc3 Qc7 63. Qd4+ Ka8 64. Qd5 Qh7 65. Qg5 Ka7 66. Qg1+ Ka8 67. Qg7 Qc2 68. Qg8+ Ka7 69. Ka3 Qd3+ 70. Ka2 Qc2 71. Qg1+ Ka8 72. Qd4 Qh7 73. Qd2 Ka7 74. Kb3 Qe4 75. Kc3 Ka8 76. Qd8+ Ka7 77. Qd4+ 1-0

[Event "Fagernes Chess GM-Swiss 2024"]
[Site "Fagernes"]
[Date "2024.03.30"]
[Round "8.45"]
[White "Amundsen, Ask"]
[Black "Sachi Jain"]
[Result "0-1"]
[WhiteElo "2069"]
[BlackElo "1992"]
[Annotator "NA RC"]
[PlyCount "118"]
[EventDate "2024.03.25"]
[EventType "swiss"]
[EventCountry "NOR"]
[SourceTitle "playchess.com"]
[Source "ChessBase"]
[SourceQuality "1"]

1. Nf3 d5 2. g3 e6 3. Bg2 Nf6 4. O-O Be7 5. d3 O-O 6. Nbd2 c5 7. e4 Nc6 8. Re1 Qc7 9. c3 b5 10. e5 Nd7 11. d4 a5 12. Nf1 b4 13. h4 Ba6 14. a3 Rfc8 15. h5 Bf8 16. h6 g6 17. Ng5 Nd8 18. Bf4 cxd4 19. cxd4 Qc2 20. Qg4 Nb6 21. Ne3 Qxb2 22. Nxf7 Kxf7 23. Bg5 Bb5 24. Nxd5 Nxd5 25. Bxd5 Bc6 26. Bc4 Qc2 27. d5 Qf5 28. Qxf5+ gxf5 29. dxc6 Nxc6 30. axb4 Bxb4 31. Re3 Bd2 32. Be2 Bxe3 33. Bh5+ Kg8 34. Bxe3 Nxe5 35. Bd4 Ng4 36. Bg7 a4 37. Re1 a3 38. f3 Nxh6 39. Bxh6 a2 40. Bf4 Rcb8 41. Be5 Rb1 42. Kf2 Rxe1 43. Kxe1 a1=Q+ 44. Bxa1 Rxa1+ 45. Kf2 e5 46. Be8 Ra2+ 47. Ke3 Ra3+ 48. Ke2 Kg7 49. Kf2 Kf6 50. Bc6 Kg5 51. Kg2 f4 52. Be4 h5 53. Kh3 fxg3 54. Bd5 Kf4 55. Kg2 Rd3 56. Be4 Rd2+ 57. Kg1 h4 58. Bc6 h3 59. Bb5 h2+ 0-1

[Event "Fagernes Chess GM-Swiss 2024"]
[Site "Fagernes"]
[Date "2024.03.30"]
[Round "8.46"]
[White "Stai, Sondre"]
[Black "Elsness, Fredrik Valstad"]
[Result "1/2-1/2"]
[WhiteElo "1842"]
[BlackElo "1873"]
[Annotator "NA RC"]
[PlyCount "109"]
[EventDate "2024.03.25"]
[EventType "swiss"]
[EventCountry "NOR"]
[SourceTitle "playchess.com"]
[Source "ChessBase"]
[SourceQuality "1"]

1. e4 c6 2. Nc3 d5 3. Nf3 dxe4 4. Nxe4 Nf6 5. Qe2 Nxe4 6. Qxe4 Nd7 7. d4 Nf6 8. Qd3 Bg4 9. Ne5 Bh5 10. c3 e6 11. Qh3 Bd6 12. Bd3 Qc7 13. Nc4 Bf4 14. Bxf4 Qxf4 15. Qg3 Qxg3 16. hxg3 O-O-O 17. Ne5 Bg6 18. O-O-O Nd7 19. Bxg6 Nxe5 20. dxe5 fxg6 21. Rxd8+ Kxd8 22. Kd2 h6 23. Ke3 Ke7 24. Rd1 Rf8 25. Rd4 Rf5 26. f4 g5 27. Ra4 a6 28. Rb4 b5 29. Rd4 gxf4+ 30. gxf4 g5 31. g3 gxf4+ 32. gxf4 Rf8 33. Rd6 Rc8 34. f5 exf5 35. Rxh6 a5 36. Kf4 Rg8 37. Kxf5 Rg2 38. Rxc6 Rf2+ 39. Ke4 Rxb2 40. Rb6 b4 41. cxb4 axb4 42. Kd5 Rd2+ 43. Ke4 Rxa2 44. Rxb4 Ra6 45. Kf5 Rh6 46. Rb7+ Ke8 47. Rg7 Ra6 48. Rg5 Rb6 49. e6 Rb5+ 50. Kf6 Rxg5 51. Kxg5 Ke7 52. Kf5 Ke8 53. Kf6 Kf8 54. e7+ Ke8 55. Ke6 1/2-1/2

[Event "Fagernes Chess GM-Swiss 2024"]
[Site "Fagernes"]
[Date "2024.03.30"]
[Round "8.47"]
[White "Lilliehook, Victor"]
[Black "Juodziukynas, Aidas"]
[Result "1-0"]
[WhiteElo "2060"]
[BlackElo "1893"]
[Annotator "RC"]
[PlyCount "37"]
[EventDate "2024.03.25"]
[EventType "swiss"]
[EventCountry "NOR"]
[SourceTitle "playchess.com"]
[Source "ChessBase"]
[SourceQuality "1"]

1. e4 c5 2. Nf3 d6 3. d4 cxd4 4. Nxd4 Nf6 5. Nc3 Nc6 6. f3 e5 7. Nb3 Be6 8. Nd5 Nxe4 9. fxe4 Qh4+ 10. Kd2 g6 11. g3 Qd8 12. c3 f5 13. Bd3 Rc8 14. Kc2 Bg7 15. Be3 O-O 16. Rc1 Bxd5 17. exd5 Nb4+ 18. Kb1 Nxd5 19. Bc4 1-0

[Event "Fagernes Chess GM-Swiss 2024"]
[Site "Fagernes"]
[Date "2024.03.30"]
[Round "8.48"]
[White "Evenshaug, Amadeus Hestvik"]
[Black "Rynning, Rune Kleiven"]
[Result "1/2-1/2"]
[WhiteElo "2035"]
[BlackElo "1813"]
[Annotator "NA RC"]
[PlyCount "74"]
[EventDate "2024.03.25"]
[EventType "swiss"]
[EventCountry "NOR"]
[SourceTitle "playchess.com"]
[Source "ChessBase"]
[SourceQuality "1"]

1. e4 e5 2. Nc3 Nf6 3. Bc4 Nc6 4. d3 Bc5 5. f4 d6 6. Nf3 Bg4 7. Na4 Bb6 8. Nxb6 axb6 9. c3 O-O 10. O-O d5 11. exd5 Nxd5 12. h3 Bxf3 13. Qxf3 Nxf4 14. Bxf4 exf4 15. Qxf4 Qd7 16. d4 Na5 17. Bd3 Rae8 18. Rad1 Nc6 19. Bb5 Qe7 20. Kh1 Rd8 21. Rfe1 Qd6 22. Qh4 g6 23. Ba4 Ra8 24. d5 Ne5 25. Bb3 Rfe8 26. Rf1 Nd7 27. Rf2 Re5 28. Rdf1 f5 29. a3 Rae8 30. Ba4 Qxd5 31. Bxd7 Qxd7 32. Qc4+ Qf7 33. Qb4 Re1 34. c4 Rxf1+ 35. Rxf1 Re4 36. b3 Qe7 37. Qd2 Re5 1/2-1/2

[Event "Fagernes Chess GM-Swiss 2024"]
[Site "Fagernes"]
[Date "2024.03.31"]
[Round "9.2"]
[White "Puranik, Abhimanyu"]
[Black "Urkedal, Frode Olav Olsen"]
[Result "1-0"]
[WhiteElo "2618"]
[BlackElo "2536"]
[Annotator "TA"]
[PlyCount "146"]
[EventDate "2024.03.25"]
[EventType "swiss"]
[EventCountry "NOR"]
[SourceTitle "playchess.com"]
[Source "ChessBase"]
[SourceQuality "1"]

1. c4 e5 2. Nc3 Nf6 3. Nf3 Nc6 4. g3 Bb4 5. Nd5 e4 6. Nh4 O-O 7. Bg2 d6 8. Nxb4 Nxb4 9. a3 Nc6 10. d3 Re8 11. O-O h6 12. dxe4 Nxe4 13. Qc2 Nc5 14. e3 Qf6 15. Bd2 a5 16. Bc3 Qe7 17. b4 Ne4 18. b5 Nxc3 19. bxc6 Ne4 20. cxb7 Bxb7 21. Nf5 Qe5 22. Rab1 Rab8 23. Nd4 Ba8 24. Rb5 Rxb5 25. cxb5 Nc5 26. Bxa8 Rxa8 27. a4 Re8 28. Qc3 Ra8 29. Rc1 h5 30. h4 g6 31. Qc4 Re8 32. Qc3 Ra8 33. Qc2 Qd5 34. Nc6 Qf3 35. Rd1 Re8 36. Nd4 Qg4 37. Kg2 Kf8 38. f3 Qd7 39. e4 Kg8 40. Qc4 Qe7 41. Nb3 Nxb3 42. Qxb3 Qf6 43. Qc2 Re7 44. Qd2 Re5 45. Qxa5 Rc5 46. Qb4 g5 47. hxg5 Qxg5 48. Qd2 Qg7 49. Rh1 Qe5 50. Rc1 Kg7 51. Rb1 Rc4 52. b6 cxb6 53. Rb5 Qf6 54. Rf5 Qe6 55. Rxh5 Rxa4 56. Qg5+ Qg6 57. Qxg6+ Kxg6 58. Rd5 Kg7 59. Rxd6 b5 60. Rb6 Rb4 61. Kh3 Rb1 62. Kg4 b4 63. f4 b3 64. Kf5 b2 65. g4 Kg8 66. e5 Kg7 67. Kg5 Kg8 68. Rb7 Kg7 69. Rb8 Kh7 70. f5 Kg7 71. f6+ Kh7 72. e6 Rc1 73. exf7 Rc4 1-0

[Event "Fagernes Chess GM-Swiss 2024"]
[Site "Fagernes"]
[Date "2024.03.31"]
[Round "9.3"]
[White "Gorshtein, Ido"]
[Black "Can, Isik"]
[Result "1/2-1/2"]
[WhiteElo "2539"]
[BlackElo "2493"]
[Annotator "TA"]
[PlyCount "130"]
[EventDate "2024.03.25"]
[EventType "swiss"]
[EventCountry "NOR"]
[SourceTitle "playchess.com"]
[Source "ChessBase"]
[SourceQuality "1"]

1. c4 c5 2. Nc3 Nf6 3. g3 d5 4. cxd5 Nxd5 5. Bg2 Nc7 6. f4 Nc6 7. d3 g6 8. Be3 Nd4 9. Bxd4 cxd4 10. Qa4+ Qd7 11. Qxd7+ Bxd7 12. Nd5 Na6 13. Rc1 Bc6 14. Ne3 dxe3 15. Rxc6 Bg7 16. Rc4 Rb8 17. Nf3 b5 18. Rc6 Nb4 19. Rc7 O-O 20. O-O Rfc8 21. Rxe7 Rc2 22. a3 Nd5 23. Rd7 Nb6 24. Rxa7 Rxe2 25. Ne5 Rxb2 26. Re1 Bf8 27. Bf3 Bc5 28. d4 Bxd4 29. Nc6 Bc3 30. Rxe3 Bf6 31. Re2 Nc4 32. Rxb2 Bxb2 33. a4 Rd8 34. axb5 Rd2 35. Ra4 Rc2 36. Be4 Rc3 37. Ra2 Ba3 38. Rc2 Bc5+ 39. Kh1 Rxc2 40. Bxc2 Kf8 41. Bd3 Ne3 42. Ne5 Ke7 43. Nf3 f6 44. Kg1 Nc2+ 45. Kf1 Nd4 46. Nd2 f5 47. Kg2 h6 48. h4 Ba7 49. h5 gxh5 50. Kh3 Kf6 51. Kh4 Kg6 52. Nc4 Nf3+ 53. Kh3 h4 54. g4 Bb8 55. gxf5+ Kg7 56. b6 Bxf4 57. Kg4 Ne5+ 58. Kxf4 Nxd3+ 59. Kg4 Nc5 60. Nd6 h5+ 61. Kxh4 Nd7 62. b7 Kf6 63. Kxh5 Ke5 64. Ne4 Kxf5 65. b8=Q Nxb8 1/2-1/2

[Event "Fagernes Chess GM-Swiss 2024"]
[Site "Fagernes"]
[Date "2024.03.31"]
[Round "9.4"]
[White "Johansson, Linus"]
[Black "Amar, Elham"]
[Result "1-0"]
[WhiteElo "2427"]
[BlackElo "2567"]
[Annotator "RC"]
[PlyCount "215"]
[EventDate "2024.03.25"]
[EventType "swiss"]
[EventCountry "NOR"]
[SourceTitle "playchess.com"]
[Source "ChessBase"]
[SourceQuality "1"]

1. d4 Nf6 2. c4 e6 3. Nc3 d5 4. cxd5 exd5 5. Bg5 Bb4 6. e3 h6 7. Bh4 g5 8. Bg3 Ne4 9. Nge2 h5 10. h4 Nxg3 11. Nxg3 gxh4 12. Nxh5 c6 13. a3 Bd6 14. f4 Qe7 15. Kd2 Kd8 16. Be2 Nd7 17. Qe1 Rg8 18. Qf2 Kc7 19. Rxh4 b5 20. g4 a5 21. Rhh1 Nb6 22. Rac1 Kb7 23. g5 b4 24. axb4 axb4 25. Nd1 Bf5 26. Nf6 Rh8 27. Rxh8 Rxh8 28. b3 Ra8 29. Bd3 Qe6 30. Bxf5 Qxf5 31. Ke1 Ra3 32. Qb2 Qd3 33. Rb1 Ra8 34. Qc1 Rh8 35. Nf2 Qf5 36. Ra1 Be7 37. N6g4 Qe6 38. Qd2 c5 39. dxc5 Bxc5 40. Kf1 d4 41. exd4 Qd5 42. Qd3 Bxd4 43. Rd1 Rh1+ 44. Ke2 Rxd1 45. Nxd1 Qe6+ 46. Kf3 Qd7 47. Ndf2 Ka7 48. Ne4 Kb7 49. Ne3 Kc7 50. Nc4 Nc8 51. Ne3 Ne7 52. Ng3 Nc6 53. Nef5 Bc3 54. Qc4 Kb6 55. Ne3 Nd4+ 56. Kf2 Nb5 57. Nd5+ Ka5 58. Ne4 Qa7+ 59. Ke2 Qd4 60. Qxd4 Bxd4 61. Kd3 Bg7 62. Nd2 Na3 63. f5 Kb5 64. f6 Bf8 65. Nf4 Kc6 66. g6 fxg6 67. Nxg6 Bh6 68. f7 Nb5 69. Ne4 Kd5 70. f8=Q Bxf8 71. Nxf8 Na7 72. Nf6+ Kd6 73. Ne4+ Kd5 74. Nd7 Kc6 75. Ne5+ Kd5 76. Nc4 Nc6 77. Nb6+ Ke5 78. Nf2 Kd6 79. Ke4 Kc5 80. Nc4 Ne7 81. Nd3+ Kb5 82. Nce5 Nc8 83. Kd5 Nb6+ 84. Kd6 Nc8+ 85. Ke6 Nb6 86. Nf3 Na4 87. Nd4+ Ka5 88. Nc6+ Kb5 89. Ncxb4 Nb2 90. Kd5 Na4 91. Nc2 Nc3+ 92. Ke5 Nb1 93. Nd4+ Kb6 94. Nf3 Nc3 95. Ng5 Nb5 96. Kd5 Na7 97. Nf3 Nb5 98. Nf4 Nc3+ 99. Kc4 Ne4 100. Nd5+ Kc6 101. Nc3 Nd6+ 102. Kb4 Nb7 103. Nd4+ Kd6 104. Kb5 Ke5 105. Nc6+ Ke6 106. Ne4 Kd5 107. Kb6 Nc5 108. Nxc5 1-0

[Event "Fagernes Chess GM-Swiss 2024"]
[Site "Fagernes"]
[Date "2024.03.31"]
[Round "9.5"]
[White "Kulaots, Kaido"]
[Black "Blomqvist, Erik"]
[Result "1/2-1/2"]
[WhiteElo "2534"]
[BlackElo "2511"]
[Annotator "TA"]
[PlyCount "69"]
[EventDate "2024.03.25"]
[EventType "swiss"]
[EventCountry "NOR"]
[SourceTitle "playchess.com"]
[Source "ChessBase"]
[SourceQuality "1"]

1. e4 e5 2. Nf3 Nc6 3. Bc4 Nf6 4. d3 Bc5 5. O-O d6 6. c3 a5 7. Re1 Ba7 8. Nbd2 O-O 9. Nf1 Be6 10. Bb5 Ne7 11. h3 Ng6 12. Ng3 c6 13. Ba4 d5 14. exd5 Nxd5 15. d4 exd4 16. Nxd4 Qc7 17. Bc2 Rae8 18. Be4 Nf6 19. Bc2 Bd7 20. Bd2 Bb8 21. c4 Bc8 22. Bc3 Rd8 23. Qe2 Rfe8 24. Qf1 Nh5 25. Rxe8+ Rxe8 26. Re1 Rxe1 27. Qxe1 Nxg3 28. fxg3 Qe5 29. Qxe5 Nxe5 30. b3 a4 31. g4 axb3 32. axb3 Ba7 33. Kf1 g6 34. Ke2 Kf8 35. Nf3 1/2-1/2

[Event "Fagernes Chess GM-Swiss 2024"]
[Site "Fagernes"]
[Date "2024.03.31"]
[Round "9.6"]
[White "Ghasi, Ameet K"]
[Black "Narva, Mai"]
[Result "0-1"]
[WhiteElo "2485"]
[BlackElo "2399"]
[Annotator "TA"]
[PlyCount "92"]
[EventDate "2024.03.25"]
[EventType "swiss"]
[EventCountry "NOR"]
[SourceTitle "playchess.com"]
[Source "ChessBase"]
[SourceQuality "1"]

1. Nf3 g6 2. g3 Bg7 3. Bg2 e5 4. d3 Ne7 5. O-O O-O 6. e4 c5 7. Nc3 Nbc6 8. Nd2 d6 9. Nc4 Be6 10. Ne3 f5 11. Ned5 h6 12. f4 Rc8 13. Be3 Nd4 14. fxe5 dxe5 15. Nxe7+ Qxe7 16. Qd2 Kh7 17. Rf2 b5 18. Raf1 b4 19. Nd1 a5 20. c3 Nb5 21. exf5 gxf5 22. Qc2 Qd7 23. Bh3 Nd6 24. Bc1 Kg8 25. Ne3 Rf7 26. Bg2 Rd8 27. c4 Nc8 28. Bd5 Ne7 29. Qe2 Bxd5 30. cxd5 Rdf8 31. Qh5 f4 32. Ng4 Qxd5 33. gxf4 exf4 34. Qh3 h5 35. Rg2 hxg4 36. Rxg4 Rf5 37. Re1 Nc6 38. Qh6 Qd4+ 39. Kh1 Qd5+ 40. Re4 R8f7 41. Rg2 Re5 42. Qg6 Qxd3 43. Rxe5 Nxe5 44. Qe6 Qd1+ 45. Rg1 Qf3+ 46. Rg2 Qc6 0-1

[Event "Fagernes Chess GM-Swiss 2024"]
[Site "Fagernes"]
[Date "2024.03.31"]
[Round "9.7"]
[White "Trost, Edvin"]
[Black "Raja Rithvik R"]
[Result "1/2-1/2"]
[WhiteElo "2432"]
[BlackElo "2532"]
[Annotator "TA"]
[PlyCount "29"]
[EventDate "2024.03.25"]
[EventType "swiss"]
[EventCountry "NOR"]
[SourceTitle "playchess.com"]
[Source "ChessBase"]
[SourceQuality "1"]

1. d4 d5 2. c4 e6 3. Nf3 Nf6 4. g3 dxc4 5. Bg2 Nc6 6. Qa4 Bb4+ 7. Bd2 Nd5 8. Bxb4 Ndxb4 9. O-O Rb8 10. Nc3 a6 11. Ne5 O-O 12. Nxc6 Nxc6 13. Bxc6 bxc6 14. Qxc4 Rxb2 15. Rab1 1/2-1/2

[Event "Fagernes Chess GM-Swiss 2024"]
[Site "Fagernes"]
[Date "2024.03.31"]
[Round "9.8"]
[White "Ganguly, Surya Shekhar"]
[Black "Sorensen, Hampus"]
[Result "1-0"]
[WhiteElo "2574"]
[BlackElo "2428"]
[Annotator "RC"]
[PlyCount "153"]
[EventDate "2024.03.25"]
[EventType "swiss"]
[EventCountry "NOR"]
[SourceTitle "playchess.com"]
[Source "ChessBase"]
[SourceQuality "1"]

1. Nf3 d5 2. e3 Nf6 3. c4 e6 4. Nc3 Bd6 5. b3 O-O 6. Bb2 Nc6 7. d4 dxc4 8. bxc4 e5 9. d5 Ne7 10. Bd3 Ng6 11. Qc2 c6 12. dxc6 bxc6 13. h4 Re8 14. Ng5 Bb4 15. a3 Ba5 16. O-O-O Qe7 17. Nce4 Rb8 18. Nd6 e4 19. Ngxe4 Nxe4 20. Bxe4 Rd8 21. c5 Nf8 22. Nc4 Qxc5 23. Nxa5 Qxa5 24. Qc3 Qxc3+ 25. Bxc3 Be6 26. Rxd8 Rxd8 27. Rd1 Rxd1+ 28. Kxd1 c5 29. Be5 Nd7 30. Bd6 f5 31. Bc6 Kf7 32. Kc2 h5 33. a4 g6 34. a5 Kf6 35. f4 Kf7 36. Kb2 Kf6 37. Ka3 Kf7 38. a6 Ke8 39. Ka4 Kd8 40. e4 fxe4 41. Bxe4 Bf7 42. Bb7 Bc4 43. Be4 Bxa6 44. Bxg6 Be2 45. Bf7 c4 46. Kb4 Nf6 47. Be5 Nd7 48. Bd4 Ke7 49. Bg8 a6 50. Bd5 Kd6 51. Bb7 a5+ 52. Kxa5 Nc5 53. Be5+ Ke6 54. Bc8+ Kd5 55. Bc3 Ke4 56. Kb5 Kd5 57. g3 Bf1 58. Ka5 Be2 59. Kb4 Nd3+ 60. Kb5 Nc5 61. Bh3 Bf3 62. Bf1 Nd3 63. f5 Bg4 64. f6 Be6 65. g4 hxg4 66. h5 Bg8 67. h6 Ke6 68. Be2 g3 69. Bg4+ Kf7 70. Bh5+ Ke6 71. h7 Bxh7 72. f7 g2 73. f8=Q g1=Q 74. Qf6+ Kd7 75. Qc6+ Ke7 76. Bf6+ Kf8 77. Qe8# 1-0

[Event "Fagernes Chess GM-Swiss 2024"]
[Site "Fagernes"]
[Date "2024.03.31"]
[Round "9.10"]
[White "Celik, Hasan Huseyin"]
[Black "Petkov, Momchil"]
[Result "1/2-1/2"]
[WhiteElo "2417"]
[BlackElo "2500"]
[Annotator "TA"]
[PlyCount "47"]
[EventDate "2024.03.25"]
[EventType "swiss"]
[EventCountry "NOR"]
[SourceTitle "playchess.com"]
[Source "ChessBase"]
[SourceQuality "1"]

1. e4 c5 2. Nf3 d6 3. d4 cxd4 4. Nxd4 Nf6 5. Nc3 Nc6 6. Bg5 Bd7 7. Qd2 a6 8. O-O-O e6 9. f4 Be7 10. Nf3 b5 11. Bxf6 gxf6 12. Kb1 b4 13. Ne2 h5 14. Ned4 Qb6 15. Be2 Na5 16. Rhe1 Nb7 17. Bc4 Na5 18. Be2 Nb7 19. Bc4 Na5 20. Bd3 Nb7 21. Qe2 Nc5 22. Bc4 O-O-O 23. Nb3 Kb7 24. Nxc5+ 1/2-1/2

[Event "Fagernes Chess GM-Swiss 2024"]
[Site "Fagernes"]
[Date "2024.03.31"]
[Round "9.11"]
[White "Nielsen, Viktor Haarmark"]
[Black "Sokolovsky, Yahli"]
[Result "1/2-1/2"]
[WhiteElo "2351"]
[BlackElo "2475"]
[Annotator "RC"]
[PlyCount "87"]
[EventDate "2024.03.25"]
[EventType "swiss"]
[EventCountry "NOR"]
[SourceTitle "playchess.com"]
[Source "ChessBase"]
[SourceQuality "1"]

1. e4 e5 2. Nf3 Nc6 3. Bb5 a6 4. Ba4 Nf6 5. O-O Be7 6. d3 b5 7. Bb3 d6 8. c3 O-O 9. a4 Bd7 10. Bc2 Re8 11. Re1 h6 12. Nbd2 Bf8 13. Nf1 Ne7 14. d4 Ng6 15. Ng3 c6 16. h3 Qc7 17. Nh2 Rad8 18. Ng4 Nxg4 19. hxg4 d5 20. g5 exd4 21. cxd4 h5 22. Qxh5 dxe4 23. Bd2 Qc8 24. Nxe4 Bg4 25. Qh2 Bf5 26. f3 c5 27. axb5 axb5 28. Ra7 cxd4 29. Bb3 Be6 30. Bxe6 Rxe6 31. Qc7 Qxc7 32. Rxc7 Ne5 33. b3 Ra8 34. Rec1 Ree8 35. Rb7 Nd3 36. Rc2 Reb8 37. Rcc7 Rxb7 38. Rxb7 b4 39. Rd7 Nc5 40. Nxc5 Bxc5 41. Rd5 Be7 42. Rd7 Bc5 43. Rd5 Be7 44. Rd7 1/2-1/2

[Event "Fagernes Chess GM-Swiss 2024"]
[Site "Fagernes"]
[Date "2024.03.31"]
[Round "9.12"]
[White "Moksh Amit Doshi"]
[Black "Elsness, Frode"]
[Result "1-0"]
[WhiteElo "2353"]
[BlackElo "2437"]
[Annotator "TA"]
[PlyCount "71"]
[EventDate "2024.03.25"]
[EventType "swiss"]
[EventCountry "NOR"]
[SourceTitle "playchess.com"]
[Source "ChessBase"]
[SourceQuality "1"]

1. d4 Nf6 2. c4 e6 3. Nf3 d5 4. Nc3 Be7 5. cxd5 exd5 6. Bf4 c6 7. e3 Bf5 8. Nh4 Bg4 9. Qc2 Nh5 10. h3 Be6 11. Nf3 Nxf4 12. exf4 c5 13. f5 Bc8 14. dxc5 Nc6 15. Bb5 O-O 16. O-O Bxc5 17. Rad1 Nb4 18. Qc1 Bxf5 19. a3 Na6 20. Rxd5 Qc8 21. Bxa6 bxa6 22. Qg5 g6 23. Nh4 f6 24. Qg3 Kh8 25. Nxf5 gxf5 26. Rfd1 Rg8 27. Qf3 Qc6 28. Rxf5 Qxf3 29. Rxf3 Rab8 30. Ne4 Be7 31. Rd7 Rg7 32. Rxa7 Rb6 33. b4 Re6 34. Re3 Rc6 35. Ng3 Bf8 36. Ra8 1-0

[Event "Fagernes Chess GM-Swiss 2024"]
[Site "Fagernes"]
[Date "2024.03.31"]
[Round "9.13"]
[White "Kvaloy, Aksel Bu"]
[Black "Shehzad, Shazil"]
[Result "1-0"]
[WhiteElo "2454"]
[BlackElo "2301"]
[Annotator "TA"]
[PlyCount "47"]
[EventDate "2024.03.25"]
[EventType "swiss"]
[EventCountry "NOR"]
[SourceTitle "playchess.com"]
[Source "ChessBase"]
[SourceQuality "1"]

1. e4 Nf6 2. e5 Nd5 3. c4 Nb6 4. c5 Nd5 5. Nc3 Nxc3 6. dxc3 e6 7. Qg4 h6 8. Nf3 b6 9. Bb5 g6 10. O-O Bg7 11. Qe4 c6 12. Be3 O-O 13. Ba4 Na6 14. b4 bxc5 15. b5 cxb5 16. Qxa8 Qb6 17. Qe4 Bb7 18. Qh4 Bxf3 19. Bc2 Bc6 20. Bxh6 Bxe5 21. Rae1 Bxc3 22. Re3 Qa5 23. Rh3 Ra8 24. Bf4 1-0

[Event "Fagernes Chess GM-Swiss 2024"]
[Site "Fagernes"]
[Date "2024.03.31"]
[Round "9.14"]
[White "Melaa, Sondre"]
[Black "Mitusov, Semen"]
[Result "1/2-1/2"]
[WhiteElo "2285"]
[BlackElo "2487"]
[Annotator "TA"]
[PlyCount "115"]
[EventDate "2024.03.25"]
[EventType "swiss"]
[EventCountry "NOR"]
[SourceTitle "playchess.com"]
[Source "ChessBase"]
[SourceQuality "1"]

1. d4 d5 2. Bf4 Nf6 3. e3 c5 4. Nf3 Nc6 5. Nbd2 cxd4 6. exd4 g6 7. c3 Bg7 8. Be2 O-O 9. h3 Bf5 10. O-O h6 11. Re1 e6 12. Bh2 g5 13. Ne5 Nxe5 14. Bxe5 Rc8 15. Nf3 Ne4 16. Bxg7 Kxg7 17. Bd3 Rh8 18. Qe2 Qf6 19. Nd2 Nd6 20. Bxf5 Nxf5 21. Nf3 h5 22. Ne5 Nd6 23. Nd7 Qf5 24. Qe5+ Qxe5 25. Nxe5 a5 26. Nd3 Kf6 27. g3 a4 28. a3 b6 29. Kg2 Rce8 30. Re2 Nc4 31. Rae1 Kg7 32. Kg1 b5 33. Kg2 Kh6 34. Kg1 Re7 35. Kg2 Ree8 36. Kg1 Reg8 37. Kg2 Kg7 38. Rh1 Kf6 39. h4 gxh4 40. Rxh4 Rg4 41. Kh3 Kg5 42. f4+ Kf5 43. Rxg4 hxg4+ 44. Kg2 f6 45. Nf2 Re8 46. Nd1 e5 47. Ne3+ Nxe3+ 48. Rxe3 Re6 49. Kf2 exf4 50. Rxe6 Kxe6 51. gxf4 f5 52. Kg3 Kf6 53. Kg2 Kg6 54. Kh2 Kf6 55. Kg2 Ke6 56. Kg3 Kd6 57. Kg2 Kc6 58. Kg3 1/2-1/2

[Event "Fagernes Chess GM-Swiss 2024"]
[Site "Fagernes"]
[Date "2024.03.31"]
[Round "9.15"]
[White "Willow, Jonah B"]
[Black "Kistrup, Nicolai"]
[Result "0-1"]
[WhiteElo "2446"]
[BlackElo "2324"]
[Annotator "TA"]
[PlyCount "42"]
[EventDate "2024.03.25"]
[EventType "swiss"]
[EventCountry "NOR"]
[SourceTitle "playchess.com"]
[Source "ChessBase"]
[SourceQuality "1"]

1. e4 c5 2. Nc3 Nc6 3. Nge2 Nf6 4. d4 cxd4 5. Nxd4 d6 6. Bc4 e6 7. Be3 Bd7 8. Qe2 a6 9. Bb3 b5 10. f3 Na5 11. g4 Be7 12. h4 Qc7 13. Rg1 Rc8 14. g5 Nh5 15. f4 g6 16. f5 Nxb3 17. cxb3 b4 18. Na4 e5 19. Nf3 gxf5 20. Nb6 Nf4 21. Qc4 Qa7 0-1